00985cam a2200289 i 4500003000900000005001700009008004100026020002100067020002600088035001300114040004300127050002200170082001500192100002500207245009000232264006300322300002900385336002100414337002300435338003200458440003000490504004100520650002300561650002000584700003100604856006000635EG-GICUC20260217092942.0050315s2005 nyu frb 000 0 eng d a1587787253qpbk. a9781587787256q(pbk.) a13900646 aCGUcCGUdCWLdDLCdEG-GICUCbengerda00aKZ3410b.H38 200504221a341.711 aHathaway, Oona Anne.10aFoundations of international law and politics /cOona A. Hathaway, Harold Hongju Koh. aNew York, N.Y. :bFoundation Press :bThomson West,c2005. axiii, 393 page ;c26 cm. atext2rdacontent aComputer2rdamedia aOnline Resource2rdacarrier 0aFoundations of law series aIncludes bibliographical references. 0aInternational law. 0aWorld politics.1 aKoh, Harold Hongju,d1954-40uhttps://fll.law.cu.edu.eg/fulltext/bks/ENGB11-00142.pdf